Značenija dľa neatomičeskich igr

Uložené v:
Podrobná bibliografia
Hlavní autori: Aumann, R.J (Autor), Shapley, L.S (Autor)
Médium: Kniha
Jazyk:Russian
Vydavateľské údaje: Moskva : Mir, 1977
Vydanie:Per. s ang.
Tagy: Pridať tag
Žiadne tagy, Buďte prvý, kto otaguje tento záznam!

MARC

LEADER 00000nam a22000003a 4500
001 stu93069
005 20150617225617.6
008 050302s1977------------------------rus-d
040 |a STU  |b slo 
041 0 |a rus 
080 |a 519.8  |7 A000000398 
100 1 |a Aumann, R.J.  |4 aut 
242 0 0 |a Values of non-atomic games  |y eng 
245 1 |a Značenija dľa neatomičeskich igr 
250 |a Per. s ang. 
260 |a Moskva :  |b Mir,  |c 1977 
300 |a 355 s 
700 1 |a Shapley, L.S.  |4 aut 
996 |b E49039  |c E*49039  |l EE03  |s P  |a 0  |w stu93069_0002